000 00362pam a2200133 4500
020 _a0471474703
050 0 _aHF 5635
_b.K5
100 1 _aKieso, Donald E.
245 1 0 _aIntermediate accounting
_c[by] Donald E. Kieso [and] Jerry J. Weygandt.
260 _aNew York,
_bWiley
_c[1974]
300 _axvi, 1151 p.
700 1 _aWeygandt, Jerry J.,
942 _2lcc
_cGEN
999 _c10296
_d10296